PepsiCo Brands - Statistics

General Stats
  • This quiz has been taken 77 times
  • The average score is 12 of 57
Answer Stats
Type of Product Answer % Correct
Soda Pepsi
97%
Potato Chips Lays
80%
Sports Drink Gatorade
63%
Tortilla Chips Doritos
61%
Iced Tea Lipton
55%
Soda Mountain Dew
55%
Cheese Puff Cheetos
54%
Corn Chips Fritos
45%
Soda 7 Up
42%
Iced Tea Brisk
37%
Water Aquafina
34%
Oat Products Quaker
34%
Potato Chips Ruffles
32%
Tortilla Chips Tostitos
32%
Soda Sierra Mist
31%
Juice Tropicana
30%
Popcorn Smartfood
23%
Sparkling Water Bubly
21%
Soda Mirinda
20%
Iced Tea Pure Leaf
20%
Sparkling Water Maker SodaStream
20%
Syrup Aunt Jemima
17%
Cereal Life
17%
Sports Drink Propel
17%
Pretzels Rold Gold
17%
Corn Chips SunChips
15%
Pita Chips Stacy's
14%
Cereal Cap'n Crunch
13%
Juice Naked
13%
Fruit Chips Bare
11%
Potato Chips Miss Vickie's
11%
Hummus Sabra
11%
Chips FUNYUNS
10%
Kombucha KeVita
10%
Soda Mug Root Beer
10%
Chips Simply
10%
Snacks Cracker Jack
8%
Beef Jerky Matador
8%
Granola Bar Quaker Chewy
8%
Tea SoBe
8%
Cookies Grandma's Cookies
7%
Sparkling Juice IZZE
7%
Water LIFEWTR
7%
Potato Chips Maui Style
7%
Potato Chips Munchos
7%
Global Foods Near East
7%
Nuts Nut Harvest
7%
Chips Off the Eaten Path
7%
Potato Chips Red Rock Deli
7%
Puffed Wheat Snacks Sabritones
7%
Tortilla Chips Santitas
7%
Snacks Imag!ne
6%
Snack Combos Munchies
6%
Coconut Water O.N.E.
6%
Popcorn SMART50
6%
Coffee Drink Starbucks Ready-to-Drink
6%
Soda Stubborn Soda
6%
No matching quizzes found
Score Distribution
Percent of People with Each Score
Percentile by Number Answered
Your Score History
You have not taken this quiz